000 00301 a2200109 4500
001 ART_25907
005 20260410161603.0
008 260409a
245 1 0 _aLavado de dinero
100 1 _aWainstein, Mario
773 0 _tProfesional & Empresaria
_g- Año V, Nº 59 (ago. 2004)
_wREV70
999 _c9862
_d9862